000 00706nam a22002417a 4500
999 _c3138
_d3138
003 AR-CdUCM
008 190306b ||||| |||| 00| 0 spa d
020 _a84-8280-146-5
040 _aMUNICIPALIDAD PROVINCIAL DEL CUSCO
_cBIBLIOTECA MUNICIPAL DEL CUSCO
041 _hlat
082 _a873.11 /
_bV74
100 _aVirgilio
_910581
245 _aEneida /
260 _aBogota :
_bLa Oveja Negra,
_c1983.
300 _a301 páginas ;
_c18 cm.
440 _aHistoria Universal de la Literatura
_n46
_910582
650 _aPoesías épicas latinas
_95767
650 _aRoma
_92474
650 _aLeyenda
_910544
700 _aOchoa, Eugenio de (Traductor)
_910583
942 _2ddc
_cLIBROS
945 _araen